Città con gli Edifici più alti - Corea del Sud - Statistics

Statistiche generali
  • Questo quiz è stato fatto 14 volte
  • Il punteggio medio è 8 su 10
Statistiche sulle risposte
Edificio Altezza (m) Città % Corretto
Lotte World Tower 555,7 Seul
100%
Parc1 Tower A 322 Seul
100%
Three IFC Office Tower 284 Seul
100%
Haeundae LCT The Sharp Landmark Tower 411,6 Busan
83%
Haeundae LCT The Sharp Tower A 339,1 Busan
83%
Haeundae LCT The Sharp Tower B 333,1 Busan
83%
Haeundae Doosan We've the Zenith Tower A 300 Busan
83%
Haeundae I'Park Marina Tower 2 292,1 Busan
83%
Busan International Finance Center 289 Busan
83%
Northeast Asia Trade Tower 305 Incheon
25%
Nessun quiz corrispondente trovato
Distribuzione punteggi
Percentuale di utenti per punteggio
Percentile per numero di risposta
I tuoi punteggi nel tempo
Non hai fatto questo quiz